Santorini Int. Airport Destinations (Santorini, Greece) - Map - Statistics

General Stats
  • This quiz has been taken 39 times
  • The average score is 56 of 60
Answers on the Map
Answers color-coded by a green-red scale on the quiz's map according to % correct below.
 
Answer Stats
Destination % Correct
Abu Dhabi
100%
Dubai (International)
100%
Istanbul
100%
Madrid
100%
Manchester
100%
Barcelona
96%
Bucharest (Otopeni)
96%
Dublin
96%
Edinburgh
96%
Helsinki
96%
London (Gatwick)
96%
London (Heathrow)
96%
London (Stansted)
96%
Marseille
96%
Munich
96%
Naples
96%
Paris (Charles de Gaulle)
96%
Paris (Orly)
96%
Riyadh
96%
Rome (Fiumicino)
96%
Warsaw (Chopin)
96%
Amsterdam
93%
Athens
93%
Bahrain
93%
Bari
93%
Belgrade
93%
Brussels
93%
Budapest
93%
Cologne/Bonn
93%
Copenhagen
93%
Düsseldorf
93%
Frankfurt
93%
Geneva
93%
Hamburg
93%
Kraków
93%
Luxembourg
93%
Lyon
93%
Milan (Malpensa)
93%
Nice
93%
Oslo
93%
Prague
93%
Stockholm (Arlanda)
93%
Tel Aviv
93%
Venice
93%
Verona
93%
Vienna
93%
Zürich
93%
Birmingham
89%
Gothenburg
89%
Nantes
89%
Palermo
89%
Rhodes
89%
Riga
89%
Stuttgart
89%
Bristol
86%
Thessaloniki
86%
Trondheim
82%
Bergamo
79%
Larnaca
79%
Gdańsk
75%
No matching quizzes found
Score Distribution
Percent of People with Each Score
Percentile by Number Answered
Your Score History
You have not taken this quiz